The noble scholar, jurist, historian


 His Excellency Dr. Abdul Wahhab bin Ibrahim Abu Sulaiman, may Allah have mercy on him.


 He was born in Umm Al-Qura in the year 1356 AH.

جهود المملكة العربية السعودية في الاعتناء بالقرآن الكريم / (Record no. 13146)

MARC details
000 -LEADER
fixed length control field 01615cam a22003131i 4500
003 - CONTROL NUMBER IDENTIFIER
control field SA-RiAUC
005 - DATE AND TIME OF LATEST TRANSACTION
control field 20251110090629.0
008 - FIXED-LENGTH DATA ELEMENTS--GENERAL INFORMATION
fixed length control field 250929s1999 su g i01010 ara c
020 ## - INTERNATIONAL STANDARD BOOK NUMBER
International Standard Book Number 9960733068
040 ## - CATALOGING SOURCE
Original cataloging agency SA-JeALM
Language of cataloging ara
Transcribing agency SA-RiAUC.
Description conventions rda
043 ## - GEOGRAPHIC AREA CODE
Geographic area code a-su---
050 #4 - LIBRARY OF CONGRESS CALL NUMBER
Item number .H39 1999
082 04 - DEWEY DECIMAL CLASSIFICATION NUMBER
Classification number 228.09531
Assigning agency SA-RiAUC
090 ## - LOCALLY ASSIGNED LC-TYPE CALL NUMBER (OCLC); LOCAL CALL NUMBER (RLIN)
Classification number (OCLC) (R) ; Classification number, CALL (RLIN) (NR) 228.09531
Local cutter number (OCLC) ; Book number/undivided call number, CALL (RLIN) هـ ي ئ
110 2# - MAIN ENTRY--CORPORATE NAME
Corporate name or jurisdiction name as entry element هيئة الإغاثة الإسلامية العالمية (جدة، السعودية).
Subordinate unit إدارة برنامج تحفيظ القرآن الكريم
Relator term مؤلف.
245 10 - TITLE STATEMENT
Title جهود المملكة العربية السعودية في الاعتناء بالقرآن الكريم /
Statement of responsibility, etc. إعداد لجنة ببرنامج تحفيظ القرآن الكريم، هيئة الإغاثة الإسلامية العالمية ؛ إشراف عبد الله بن علي بصفر.
246 3# - VARYING FORM OF TITLE
Title proper/short title الكتاب الوثائقي، جهود المملكة العربية السعودية في الاعتناء بالقرآن الكريم
250 ## - EDITION STATEMENT
Edition statement الطبعة الأولى.
264 #1 - PRODUCTION, PUBLICATION, DISTRIBUTION, MANUFACTURE, AND COPYRIGHT NOTICE
Place of production, publication, distribution, manufacture جدة، السعودية :
Name of producer, publisher, distributor, manufacturer هيئة الإغاثة الإسلامية العالمية،
Date of production, publication, distribution, manufacture, or copyright notice 1999
300 ## - PHYSICAL DESCRIPTION
Extent 292 صفحة ؛
Other physical details إيضاحات ؛
Dimensions 24 سم
336 ## - CONTENT TYPE
Content type term نص
Content type code txt
Source rdacontent
Materials specified كتاب
337 ## - MEDIA TYPE
Media type term بدون وسيط
Media type code n
Source rdamedia
338 ## - CARRIER TYPE
Carrier type term مجلد
Carrier type code nc
Source rdacarrier
630 27 - SUBJECT ADDED ENTRY--UNIFORM TITLE
Uniform title القرآن
General subdivision تحفيظ
Geographic subdivision السعودية
Source of heading or term aucut
700 1# - ADDED ENTRY--PERSONAL NAME
Personal name بصفر، عبد الله بن علي عبد الله
Relator term مشرف.
730 22 - ADDED ENTRY--UNIFORM TITLE
Uniform title القرآن
942 ## - ADDED ENTRY ELEMENTS (KOHA)
Source of classification or shelving scheme Dewey Decimal Classification
Koha item type Books
Suppress in OPAC No
949 ## - LOCAL PROCESSING INFORMATION (OCLC)
a SA-JeALM
d 250929
u osman123
n 1
Holdings
Withdrawn status Lost status Source of classification or shelving scheme Damaged status Not for loan Home library Current library Date acquired Total checkouts Full call number Barcode Date last seen Price effective from Koha item type
    Dewey Decimal Classification     DR AbdElwahab Library DR AbdElwahab Library 11/10/2025   228.09531 هـ ي ئ 000020990 11/10/2025 11/10/2025 Books